| 000 | 00874cab a2200313 4500 | ||
|---|---|---|---|
| 001 | ABS67719 | ||
| 008 | 040512n2004 000 0 eng u | ||
| 035 | _a(Sirsi) u126175 | ||
| 245 | _aFocus 2: Essex | ||
| 260 | _c2004 | ||
| 490 |
_aEstates Gazette _v(0415) 10 April 2004, 57-79(11) |
||
| 590 | _aABS | ||
| 650 | _aESSEX | ||
| 650 | _aROMFORD | ||
| 650 | _aDAGENHAM | ||
| 650 | _aAGENTS | ||
| 650 | _aRANKINGS | ||
| 650 | _aDEALS | ||
| 650 | _aHOUSE BUILDERS | ||
| 650 | _aPROPERTY-COMMERCIAL PROPERTY-OFFICE PROPERTY-OFFICE PROPERTY MARKET | ||
| 650 | _aINDUSTRIAL MARKET | ||
| 650 | _aPROPERTY-COMMERCIAL PROPERTY-RETAIL PROPERTY-RETAIL PROPERTY MARKET | ||
| 650 | _aCOLCHESTER | ||
| 650 | _aBRAINTREE | ||
| 650 | _aCHELMSFORD | ||
| 650 | _aSOUTHEND-ON-SEA | ||
| 690 | _aPROPERTY-COMMERCIAL PROPERTY-COMMERCIAL PROPERTY MARKET | ||
| 942 | _n0 | ||
| 999 |
_c74395 _d74395 |
||